| 000 | 00676nam a22002177a 4500 | ||
|---|---|---|---|
| 999 |
_c15462 _d15462 |
||
| 003 | AR-CdUCM | ||
| 008 | 190427b ||||| |||| 00| 0 spa d | ||
| 040 |
_aMUNICIPALIDAD PROVINCIAL DEL CUSCO _cBIBLIOTECA MUNICIPAL DEL CUSCO |
||
| 082 |
_aEP / 372 / _bM23 |
||
| 245 | _aPara Mañana / | ||
| 260 |
_aBeijing : _bEdiciones en lenguas extranjeras, |
||
| 300 |
_a35 paginas ; _bIlustraciones, graficos, dibujos _c25 cm. |
||
| 500 | _aCuentos chinos para niños | ||
| 650 |
_aCuentos _9312 |
||
| 650 |
_aHistorias _92725 |
||
| 650 |
_aLiteratura _983 |
||
| 700 |
_aShufen, Li _934542 |
||
| 700 |
_aChengan, Jiang _934543 |
||
| 942 |
_2ddc _cLIBROS |
||
| 945 |
_apjha _d2019-04-27 |
||